[Event "4NCL Online Division 3"]
[Site "online"]
[Date "2020.05.12"]
[Round "6.54"]
[White "Morgans, Justin"]
[Black "Wilkinson, Kevin"]
[Result "0-1"]
[WhiteElo "1618"]
[BlackElo "1392"]
[PlyCount "84"]
[EventDate "2020.05.12"]
[WhiteTeam "Abergavenny and Friends"]
[BlackTeam "Four Horsemen"]

1. e4 d5 2. exd5 Qxd5 3. Nf3 Bg4 4. Be2 Nc6 5. Nc3 Qd7 6. O-O O-O-O 7. d3 e5 8.
Be3 f6 9. a3 g5 10. b4 h5 11. Ne4 Nd4 12. c4 Nxe2+ 13. Qxe2 Qxd3 14. Qxd3 Rxd3
15. Rfd1 Bxf3 16. gxf3 Rd8 17. Rxd8+ Kxd8 18. Rd1+ Kc8 19. c5 c6 20. Nd6+ Bxd6
21. Rxd6 Rh7 22. a4 Rd7 23. Re6 h4 24. b5 h3 25. Rd6 cxb5 26. Rxd7 Kxd7 27.
axb5 Ne7 28. Kf1 Nd5 29. Bd2 Nc7 30. b6 axb6 31. cxb6 Nd5 32. Be3 Kc6 33. Ke2
Nxb6 34. Bxb6 Kxb6 35. Kd3 f5 36. Kc4 Kc6 37. Kd3 Kc5 38. Kc3 b5 39. Kd3 Kb4
40. Kc2 Kc4 41. Kd2 Kb3 42. Kc1 Ka2 0-1

[Event "4NCL Online Division 3"]
[Site "online"]
[Date "2020.05.12"]
[Round "6.61"]
[White "Roberts, David N"]
[Black "Finn, Jonathan"]
[Result "1-0"]
[WhiteElo "1967"]
[BlackElo "1915"]
[PlyCount "87"]
[EventDate "2020.05.12"]
[WhiteTeam "Horsham"]
[BlackTeam "Nottingham University 1"]

1. Nf3 d5 2. c4 c6 3. e3 Bg4 4. Nc3 e6 5. b3 Nf6 6. Bb2 Be7 7. h3 Bh5 8. Be2
Nbd7 9. g4 Bg6 10. Nh4 O-O 11. Nxg6 fxg6 12. Qc2 Rc8 13. g5 Ne8 14. h4 Nd6 15.
f4 dxc4 16. Bxc4 Nxc4 17. bxc4 Nb6 18. Ne4 Nd7 19. O-O-O Nc5 20. Nxc5 Bxc5 21.
h5 Rf5 22. Rh4 Qc7 23. Rdh1 Rcf8 24. hxg6 hxg6 25. Rh7 e5 26. Bxe5 Ba3+ 27. Bb2
Bxb2+ 28. Qxb2 Rc5 29. Rh8+ Kf7 30. Rxf8+ Kxf8 31. Qd4 Qe7 32. Rh8+ Kf7 33. Rd8
b5 34. Rd7 Rxc4+ 35. Qxc4+ bxc4 36. Rxe7+ Kxe7 37. Kc2 Kd6 38. Kc3 Kd5 39. d3
cxd3 40. Kxd3 Ke6 41. e4 c5 42. Kc4 Kd6 43. a4 a6 44. a5 1-0

[Event "4NCL Online Division 3"]
[Site "online"]
[Date "2020.05.12"]
[Round "6.62"]
[White "Fewell, Ewan"]
[Black "Heath, Chris W"]
[Result "0-1"]
[WhiteElo "1907"]
[BlackElo "1855"]
[PlyCount "50"]
[EventDate "2020.05.12"]
[WhiteTeam "Nottingham University 1"]
[BlackTeam "Horsham"]

1. e4 e6 2. d4 d5 3. Nd2 Nf6 4. e5 Nfd7 5. Bd3 c5 6. c3 Nc6 7. Ne2 cxd4 8. cxd4
Be7 9. O-O O-O 10. Nf3 Nb4 11. Bb1 f5 12. exf6 Nxf6 13. a3 Nc6 14. Bf4 Bd7 15.
Be5 Qb6 16. b4 Rac8 17. Ng3 Ng4 18. Qd3 g6 19. h4 Ncxe5 20. dxe5 Bb5 21. Qd2
Bxf1 22. Kxf1 Rc1+ 23. Ke2 Qxf2+ 24. Kd3 Rxf3+ 25. gxf3 Nxe5# 0-1

[Event "4NCL Online Division 3"]
[Site "online"]
[Date "2020.05.12"]
[Round "6.63"]
[White "Barrowclough, Richard"]
[Black "Grainger, Charlie"]
[Result "0-1"]
[WhiteElo "1577"]
[BlackElo "1832"]
[PlyCount "124"]
[EventDate "2020.05.12"]
[WhiteTeam "Horsham"]
[BlackTeam "Nottingham University 1"]

1. e4 Nf6 2. e5 Nd5 3. d4 d6 4. exd6 cxd6 5. Nf3 Bg4 6. Be2 Nc6 7. O-O g6 8. c4
Nb6 9. b3 Bg7 10. Bb2 O-O 11. h3 Bxf3 12. Bxf3 Nd7 13. Bxc6 bxc6 14. Nd2 a5 15.
Nf3 c5 16. Qe2 Re8 17. d5 Bxb2 18. Qxb2 Nb6 19. Rac1 Qd7 20. Rfe1 a4 21. Nd2
Reb8 22. Qc3 axb3 23. axb3 Ra2 24. Ra1 Rba8 25. Rxa2 Rxa2 26. Ra1 Qa7 27. Rxa2
Qxa2 28. Nf3 Nd7 29. Qe3 Kf8 30. Ng5 Nf6 31. Kh2 Qb2 32. Qf3 h6 33. Ne4 Nxe4
34. Qxe4 Qxb3 35. f4 Qc3 36. Qe2 Qd4 37. g3 h5 38. h4 Ke8 39. Qa2 Kf8 40. Qe2
Qc3 41. Qf1 Qc2+ 42. Kh3 Qe4 43. Qa1 Kg8 44. Qf1 Kg7 45. Kh2 Kh7 46. Kh3 Qc2
47. Qe1 Qxc4 48. Qxe7 Qxd5 49. Kh2 c4 50. f5 c3 51. fxg6+ Kxg6 52. Qf8 c2 53.
Qg8+ Kf6 54. Qh8+ Ke7 55. Qc8 Qd2+ 56. Kh3 c1=Q 57. Qb7+ Kf8 58. Qa8+ Ke7 59.
Qe4+ Kf8 60. Qa8+ Kg7 61. Qf3 Qc8+ 62. g4 Qxg4+ 0-1

[Event "4NCL Online Division 3"]
[Site "online"]
[Date "2020.05.12"]
[Round "6.64"]
[White "Huseletov, Stanislav"]
[Black "Trofin, Marian"]
[Result "1-0"]
[WhiteElo "1810"]
[BlackElo "1525"]
[PlyCount "141"]
[EventDate "2020.05.12"]
[WhiteTeam "Nottingham University 1"]
[BlackTeam "Horsham"]

1. d4 d5 2. Bf4 Nf6 3. e3 c6 4. Nf3 h6 5. c4 Bg4 6. Nbd2 e6 7. Be2 Nbd7 8. O-O
Be7 9. h3 Bf5 10. Ne5 O-O 11. a3 Bh7 12. b4 Ne4 13. Nxe4 Bxe4 14. f3 Bh7 15.
Qb3 Rc8 16. Rac1 Nf6 17. Rc3 dxc4 18. Bxc4 a6 19. Rfc1 Qb6 20. Bxe6 fxe6 21.
Qxe6+ Kh8 22. Qxe7 Rce8 23. Qc5 Qd8 24. e4 Nd7 25. Nxd7 Rxf4 26. Ne5 Rf6 27.
Qc4 Bg8 28. Qd3 Bh7 29. Rd1 Re7 30. Nc4 Qb8 31. d5 b5 32. Na5 Qb6+ 33. Kh1 cxd5
34. Qxd5 Bg8 35. Rc8 Qe6 36. Qxe6 Rfxe6 37. Rdd8 Kh7 38. Rxg8 Rd6 39. Rgd8 Rb6
40. Rc5 Rf6 41. Rdd5 Kg8 42. Nc6 Rb7 43. Nd4 Kf7 44. Nxb5 axb5 45. Rxb5 Rc7 46.
Rbc5 Ra7 47. Ra5 Rc7 48. Rdc5 Rd7 49. Rc1 Rd2 50. Rb1 Rg6 51. Ra7+ Kg8 52. Rg1
Ra2 53. b5 Rb6 54. a4 Rxb5 55. axb5 Rxa7 56. Rb1 Rb7 57. b6 Kf7 58. Kh2 Ke6 59.
Kg3 g6 60. f4 Kd6 61. Kf3 Kc5 62. g4 Kc6 63. f5 gxf5 64. exf5 Kd6 65. Kf4 Ke7
66. h4 Kf6 67. g5+ hxg5+ 68. hxg5+ Kf7 69. Ke5 Re7+ 70. Kd6 Rb7 71. Kc6 1-0

[Event "4NCL Online Division 3"]
[Site "online"]
[Date "2020.05.12"]
[Round "6.71"]
[White "Kennedy, Craig"]
[Black "Westrap, Christian F"]
[Result "1/2-1/2"]
[WhiteElo "1937"]
[BlackElo "2057"]
[PlyCount "231"]
[EventDate "2020.05.12"]
[WhiteTeam "Mushrooms 2"]
[BlackTeam "Wessex Some Stars B"]

1. e4 c6 2. d4 d5 3. e5 c5 4. dxc5 e6 5. a3 Bxc5 6. Nf3 Nc6 7. b4 Bb6 8. Bb2
Nh6 9. Bd3 Bd7 10. O-O O-O 11. Nbd2 a5 12. b5 Ne7 13. a4 Rc8 14. Qe2 Nhf5 15.
Nb3 g6 16. Qd2 Kg7 17. Ba3 Rh8 18. Qf4 h5 19. h3 h4 20. Nh2 Ng8 21. Bb2 Rh5 22.
Ng4 Qg5 23. Qf3 Be8 24. Nf6 Nxf6 25. Bc1 Qg3 26. exf6+ Kg8 27. Qe2 Qd6 28. Qd2
Bc7 29. f4 Bb6+ 30. Kh2 e5 31. fxe5 Qxe5+ 32. Qf4 Qxa1 33. Nxa1 Bc7 34. Bxf5
Bxf4+ 35. Rxf4 Rxf5 36. Rxh4 Rh5 37. Rd4 Bd7 38. Nb3 Rxc2 39. Bd2 b6 40. Rd3
Rc4 41. Be3 Rxa4 42. Bxb6 Bxb5 43. Rc3 Rc4 44. Re3 Re4 45. Rc3 Bc4 46. Nxa5 Rf5
47. Bd8 Rf2 48. Nc6 Bf1 49. Rg3 Ree2 50. Ne7+ Kf8 51. Nxd5 Rxg2+ 52. Rxg2 Rxg2+
53. Kh1 Rd2 54. Be7+ Ke8 55. Nf4 Ra2 56. Kg1 Bc4 57. h4 Be6 58. h5 gxh5 59.
Nxh5 Rc2 60. Ng7+ Kd7 61. Kf1 Kc6 62. Ne8 Kd5 63. Ke1 Ke5 64. Nd6 Rc6 65. Nb7
Bd5 66. Kd2 Kf5 67. Nd6+ Ke6 68. Ne8 Rb6 69. Kd3 Rb8 70. Ng7+ Ke5 71. Nh5 Rb3+
72. Kc2 Rf3 73. Kd2 Kd4 74. Kc2 Be4+ 75. Kb2 Rf2+ 76. Kb3 Rc2 77. Nf4 Rc8 78.
Ne6+ Ke5 79. Nc5 Bd5+ 80. Kb4 Rc6 81. Nd7+ Kf5 82. Kb5 Rc2 83. Nf8 Rc8 84. Nh7
Rc6 85. Nf8 Rxf6 86. Bxf6 Kxf6 87. Nd7+ Kf5 88. Kc5 Be6 89. Nb6 Ke4 90. Na4 f5
91. Nc3+ Kd3 92. Nd1 f4 93. Nf2+ Ke2 94. Ne4 Bf5 95. Ng5 Kf2 96. Kd4 Kg3 97.
Ke5 Kg4 98. Nh3 f3 99. Nf2+ Kg3 100. Nd1 Bh3 101. Ke4 Bf1 102. Ke3 Be2 103. Nf2
Kg2 104. Ne4 Bb5 105. Nf2 Bd7 106. Ne4 Be6 107. Nf2 Bf5 108. Nd1 Bd7 109. Nf2
Bc6 110. Nd3 Kg1 111. Nf2 Kf1 112. Nd3 Bb5 113. Nf2 Bc4 114. Kxf3 Be2+ 115. Ke3
Bg4 116. Nxg4 1/2-1/2

[Event "4NCL Online Division 3"]
[Site "online"]
[Date "2020.05.12"]
[Round "6.72"]
[White "Pleasants, Allan J"]
[Black "Hortin, Matthew J"]
[Result "1/2-1/2"]
[WhiteElo "2001"]
[BlackElo "1930"]
[PlyCount "74"]
[EventDate "2020.05.12"]
[WhiteTeam "Wessex Some Stars B"]
[BlackTeam "Mushrooms 2"]

1. Nf3 c5 2. g3 g6 3. Bg2 Nc6 4. d4 cxd4 5. Nxd4 Bg7 6. c3 Qb6 7. Nb3 Nf6 8.
O-O O-O 9. e4 d6 10. Be3 Qc7 11. h3 a6 12. a4 Na5 13. N1d2 Bd7 14. Nxa5 Qxa5
15. Nc4 Qc7 16. Nb6 Rab8 17. Nxd7 Nxd7 18. Bd4 b5 19. axb5 Rxb5 20. Rxa6 Bxd4
21. cxd4 Rxb2 22. Qa4 e5 23. Rc6 Qb8 24. Qa3 Rb6 25. Rfc1 Rxc6 26. Rxc6 Nb6 27.
Qxd6 Qxd6 28. Rxd6 Nc4 29. Rd5 exd4 30. Rxd4 Rc8 31. h4 Kg7 32. Bh3 Rc5 33. Rd5
Rxd5 34. exd5 Kf6 35. f4 Ke7 36. Kf2 Kd6 37. Bg2 Nb6 1/2-1/2

[Event "4NCL Online Division 3"]
[Site "online"]
[Date "2020.05.12"]
[Round "6.73"]
[White "Fenwick, Hugh F"]
[Black "Mcleod, Fraser"]
[Result "1-0"]
[WhiteElo "1907"]
[BlackElo "2012"]
[PlyCount "71"]
[EventDate "2020.05.12"]
[WhiteTeam "Mushrooms 2"]
[BlackTeam "Wessex Some Stars B"]

1. c4 c5 2. g3 Nc6 3. Bg2 b6 4. Nc3 Bb7 5. a3 e6 6. e4 e5 7. d3 g6 8. Nge2 d6
9. Nd5 Bg7 10. Bd2 Nce7 11. Nec3 Nf6 12. Bg5 Nfxd5 13. Nxd5 Bxd5 14. cxd5 f6
15. Be3 Qd7 16. Qd2 Rc8 17. Rc1 Rc7 18. h4 h5 19. Bh3 Qd8 20. Be6 Ng8 21. Qc2
Bh6 22. Qa4+ Kf8 23. Ke2 Kg7 24. f4 Ne7 25. Rcf1 Qe8 26. Qxe8 Rxe8 27. fxe5
Bxe3 28. exf6+ Kh6 29. Kxe3 Nc8 30. f7 Rf8 31. Rf6 Kg7 32. Rhf1 Ne7 33. e5 dxe5
34. d6 Nf5+ 35. R6xf5 gxf5 36. dxc7 1-0

[Event "4NCL Online Division 3"]
[Site "online"]
[Date "2020.05.12"]
[Round "6.74"]
[White "Pentakota, Rajasekhar"]
[Black "Joslin, Tim"]
[Result "0-1"]
[WhiteElo "1858"]
[BlackElo "1870"]
[PlyCount "62"]
[EventDate "2020.05.12"]
[WhiteTeam "Wessex Some Stars B"]
[BlackTeam "Mushrooms 2"]

1. c4 Nf6 2. Nc3 e6 3. g3 d5 4. Bg2 c5 5. cxd5 exd5 6. d4 Be6 7. dxc5 Bxc5 8.
e3 Nc6 9. Nge2 O-O 10. O-O Qd7 11. a3 Rad8 12. b4 Be7 13. f4 a6 14. Bb2 Bh3 15.
Nd4 Bxg2 16. Kxg2 Rfe8 17. h3 Bd6 18. Nxc6 bxc6 19. Qd4 Bb8 20. Rfe1 Ba7 21.
Qd3 Qb7 22. Re2 c5 23. bxc5 d4+ 24. Kh2 dxc3 25. Qxc3 Qb5 26. Rc2 Rd3 27. Qb4
Qc6 28. Re1 Re4 29. Bd4 Nd5 30. Qb2 Rdxd4 31. Rce2 Rc4 0-1

[Event "4NCL Online Division 3"]
[Site "online"]
[Date "2020.05.12"]
[Round "6.81"]
[White "Volovich, Julia"]
[Black "Pert, Richard G"]
[Result "0-1"]
[WhiteElo "1930"]
[BlackElo "2416"]
[PlyCount "132"]
[EventDate "2020.05.12"]
[WhiteTeam "Poisoned Pawns"]
[BlackTeam "Brentwood"]

1. d4 d5 2. c4 e6 3. Nc3 a6 4. cxd5 exd5 5. Bf4 Nf6 6. e3 Bd6 7. Bxd6 Qxd6 8.
Bd3 O-O 9. Nge2 Re8 10. O-O Bg4 11. h3 Bh5 12. Qc2 Nc6 13. a3 Bg6 14. Nf4 Nxd4
15. Qd1 Bxd3 16. Qxd3 Nb3 17. Rad1 Nc5 18. Qc2 c6 19. Rfe1 Rad8 20. b4 Ne6 21.
Nxe6 Qxe6 22. Na4 Qe7 23. Nc5 Ne4 24. Rd4 f5 25. a4 Rd6 26. Nd3 Rf6 27. b5 axb5
28. axb5 Ng5 29. Kh1 Ne6 30. bxc6 Nxd4 31. exd4 Qxe1+ 32. Nxe1 Rxe1+ 33. Kh2
bxc6 34. Qd2 Re8 35. Qf4 h6 36. Qc7 Re4 37. Qa7 Kh7 38. Kg3 Re2 39. Kf3 Rc2 40.
Kg3 Rc3+ 41. Kh2 Rd3 42. Kg1 Rd2 43. g3 f4 44. Qa1 fxg3 45. Qb1+ Kg8 46. fxg3
Rdf2 47. Qe1 Rf1+ 48. Qxf1 Rxf1+ 49. Kxf1 Kf7 50. Ke2 Ke6 51. Kf3 Kd6 52. Kf4
c5 53. dxc5+ Kxc5 54. Kf5 d4 55. Kg6 d3 56. Kxg7 d2 57. Kxh6 d1=Q 58. Kg5 Kd5
59. g4 Ke6 60. h4 Kf7 61. h5 Qd8+ 62. Kf4 Qf6+ 63. Kg3 Qg5 64. Kf3 Kf6 65. Kg3
Ke5 66. Kf3 Qf4+ 0-1

[Event "4NCL Online Division 3"]
[Site "online"]
[Date "2020.05.12"]
[Round "6.82"]
[White "Haydon, David L"]
[Black "Srivastava, Arnav"]
[Result "1-0"]
[WhiteElo "2294"]
[BlackElo "1960"]
[PlyCount "63"]
[EventDate "2020.05.12"]
[WhiteTeam "Brentwood"]
[BlackTeam "Poisoned Pawns"]

1. d4 Nf6 2. Bg5 Ne4 3. Bf4 d5 4. e3 e6 5. Bd3 Nf6 6. Nf3 Bd6 7. O-O O-O 8.
Nbd2 Bxf4 9. exf4 Nbd7 10. c3 c5 11. Re1 b6 12. Ne5 Bb7 13. Re3 g6 14. Ndf3
Nxe5 15. fxe5 Ng4 16. Re2 f5 17. exf6 Qxf6 18. Qd2 Kg7 19. Rae1 Rae8 20. h3 Nh6
21. Bb5 Re7 22. Ng5 Bc8 23. Bc6 Rd8 24. Re5 Rd6 25. Ba4 Nf5 26. Bc2 cxd4 27.
cxd4 Rc7 28. Bxf5 exf5 29. f4 h6 30. Nf3 Qf7 31. Qe2 Rcc6 32. Re7 1-0

[Event "4NCL Online Division 3"]
[Site "online"]
[Date "2020.05.12"]
[Round "6.83"]
[White "Trivedi, Aarnavh"]
[Black "Coote, Trevor D"]
[Result "0-1"]
[WhiteElo "1975"]
[BlackElo "2044"]
[PlyCount "64"]
[EventDate "2020.05.12"]
[WhiteTeam "Poisoned Pawns"]
[BlackTeam "Brentwood"]

1. d4 d5 2. Bf4 Nf6 3. e3 c5 4. c3 Nc6 5. Bd3 Bg4 6. Ne2 c4 7. Bc2 Qb6 8. b3
cxb3 9. axb3 e6 10. f3 Bh5 11. Ng3 Bg6 12. e4 Be7 13. Qd2 O-O 14. Be3 Rac8 15.
O-O Na5 16. e5 Nd7 17. f4 Nxb3 18. Bxb3 Qxb3 19. f5 exf5 20. Nxf5 Bxf5 21. Rxf5
Nb6 22. Qe1 Nc4 23. Bc1 Qc2 24. Rf3 a5 25. Qf1 f6 26. exf6 Rxf6 27. Na3 Bxa3
28. Bxa3 Nd2 29. Rf2 Qxc3 30. Qe1 Rxf2 31. Kxf2 Qxd4+ 32. Qe3 Ne4+ 0-1

[Event "4NCL Online Division 3"]
[Site "online"]
[Date "2020.05.12"]
[Round "6.84"]
[White "Hughes, Gavin James"]
[Black "Dharmasena, Kian"]
[Result "1/2-1/2"]
[WhiteElo "1773"]
[BlackElo "1825"]
[PlyCount "46"]
[EventDate "2020.05.12"]
[WhiteTeam "Brentwood"]
[BlackTeam "Poisoned Pawns"]

1. Nf3 d5 2. d4 Nf6 3. g3 c5 4. Bg2 Nc6 5. O-O Bf5 6. a3 e6 7. c4 Be7 8. Nc3
dxc4 9. Qa4 O-O 10. dxc5 Bxc5 11. Qxc4 Bb6 12. e4 Bg6 13. Bg5 h6 14. Bh4 Bc7
15. Rfe1 Ne5 16. Qb3 Bh7 17. Rad1 Qe7 18. Nxe5 Bxe5 19. f4 Bxc3 20. Qxc3 Rac8
21. Qe3 Qc5 22. Bxf6 Qxe3+ 23. Rxe3 gxf6 1/2-1/2

[Event "4NCL Online Division 3"]
[Site "online"]
[Date "2020.05.12"]
[Round "6.91"]
[White "Boardman, Jeffrey"]
[Black "Gardiner, Eric D"]
[Result "1/2-1/2"]
[WhiteElo "1975"]
[BlackElo "2016"]
[PlyCount "83"]
[EventDate "2020.05.12"]
[WhiteTeam "Railsport"]
[BlackTeam "Hull Romans"]

1. b3 e5 2. Bb2 Nc6 3. e3 Nf6 4. Bb5 Bd6 5. Na3 Na5 6. Be2 a6 7. Nf3 Qe7 8. Nb1
O-O 9. O-O e4 10. Nh4 Be5 11. Nc3 d6 12. f4 Bxc3 13. Bxc3 Nc6 14. f5 Nd5 15. f6
Nxf6 16. Bxf6 gxf6 17. Bg4 f5 18. Nxf5 Bxf5 19. Bxf5 Rae8 20. Rf4 f6 21. Rxe4
Ne5 22. c4 Qg7 23. d4 Ng6 24. Rxe8 Rxe8 25. e4 Nh4 26. Qf1 Qg5 27. Qf2 Nxf5 28.
exf5 Re4 29. Rd1 Rf4 30. Qe2 Rxf5 31. Re1 Qg6 32. Qe6+ Kg7 33. Qd7+ Kh6 34.
Qxc7 Rg5 35. Qxd6 Rxg2+ 36. Kh1 Rg1+ 37. Rxg1 Qe4+ 38. Rg2 Qe1+ 39. Rg1 Qe4+
40. Rg2 Qe1+ 41. Rg1 Qe4+ 42. Rg2 1/2-1/2

[Event "4NCL Online Division 3"]
[Site "online"]
[Date "2020.05.12"]
[Round "6.92"]
[White "Crow, Stephen"]
[Black "McGovern, Derek P"]
[Result "1-0"]
[WhiteElo "1847"]
[BlackElo "1855"]
[PlyCount "91"]
[EventDate "2020.05.12"]
[WhiteTeam "Hull Romans"]
[BlackTeam "Railsport"]

1. f4 d5 2. Nf3 Bg4 3. e3 Nf6 4. h3 Bxf3 5. Qxf3 e6 6. d3 Bd6 7. g4 c5 8. g5
Nfd7 9. Bg2 Nc6 10. c3 Qc7 11. Na3 a6 12. Nc2 O-O-O 13. Bd2 f6 14. h4 Nb6 15.
O-O-O Rhe8 16. Kb1 e5 17. gxf6 gxf6 18. fxe5 fxe5 19. Rhf1 Rf8 20. Qg4+ Kb8 21.
Rxf8 Rxf8 22. c4 d4 23. Rf1 Rxf1+ 24. Bxf1 Qf7 25. Bg2 Ne7 26. Qe4 Nc6 27. a3
Nd7 28. b4 Nf6 29. Qf5 Ne7 30. Qf3 Nc6 31. exd4 cxd4 32. Bg5 Be7 33. Qe2 Nd7
34. Bd5 Qg7 35. Bxc6 bxc6 36. Bxe7 Qxe7 37. Nxd4 Kc7 38. Qe4 Qf6 39. Nf3 h6 40.
Kc2 Qg7 41. Nd2 a5 42. b5 cxb5 43. cxb5 Qf6 44. Qc4+ Kb6 45. Ne4 Qg6 46. Qc8
1-0

[Event "4NCL Online Division 3"]
[Site "online"]
[Date "2020.05.12"]
[Round "6.93"]
[White "Mugalu, Hassan"]
[Black "Varley, Joe"]
[Result "0-1"]
[WhiteElo "1847"]
[BlackElo "1892"]
[PlyCount "118"]
[EventDate "2020.05.12"]
[WhiteTeam "Railsport"]
[BlackTeam "Hull Romans"]

1. Nf3 Nf6 2. d4 g6 3. g3 Bg7 4. c4 O-O 5. Bg2 d6 6. O-O c6 7. Nc3 Bg4 8. Qb3
Qb6 9. Rd1 Nbd7 10. h3 Bf5 11. Nh4 Qxb3 12. axb3 Bc2 13. Re1 Bxb3 14. d5 c5 15.
e4 Bxc4 16. f4 Nb6 17. e5 Nfxd5 18. Ne4 dxe5 19. Nxc5 exf4 20. Nxb7 Bd4+ 21.
Kh1 Rab8 22. Na5 fxg3 23. Nxc4 Nxc4 24. Bxd5 Bf2 25. Rxe7 Nb6 26. Bf3 Rbe8 27.
Bg5 f6 28. Rxe8 Rxe8 29. Bxf6 h6 30. Bc3 g5 31. Ng6 Kh7 32. Ne5 Rd8 33. Rxa7+
Kg8 34. Rb7 Na4 35. Rd7 Rxd7 36. Nxd7 Kf7 37. Kg2 Ke6 38. Nf8+ Kf5 39. Bg4+ Ke4
40. Bg7 Nc5 41. Bxh6 Nd3 42. Bf3+ Kf4 43. Ne6+ Kf5 44. Nxg5 Ne1+ 45. Kf1 Kg6
46. Ne4 Kxh6 47. Nxf2 Nxf3 48. Ng4+ Kg5 49. Kg2 Kf4 50. b4 Ne1+ 51. Kg1 g2 52.
Nf2 Kg3 53. Nh1+ Kxh3 54. Nf2+ Kg3 55. Nh1+ Kf3 56. b5 Nc2 57. b6 Nd4 58. Ng3
Kxg3 59. b7 Nf3# 0-1

[Event "4NCL Online Division 3"]
[Site "online"]
[Date "2020.05.12"]
[Round "6.94"]
[White "Pollard, Michael"]
[Black "Broad, Michael J"]
[Result "1-0"]
[WhiteElo "1660"]
[BlackElo "1720"]
[PlyCount "79"]
[EventDate "2020.05.12"]
[WhiteTeam "Hull Romans"]
[BlackTeam "Railsport"]

1. Nf3 Nf6 2. c4 e6 3. Nc3 d5 4. cxd5 exd5 5. d4 b6 6. Bg5 Be7 7. e3 O-O 8. Bd3
Nbd7 9. O-O Bb7 10. Qc2 c5 11. dxc5 bxc5 12. Bf5 h6 13. Bh4 Qc7 14. Rad1 a6 15.
Bg3 Bd6 16. Bxd6 Qxd6 17. e4 d4 18. Bxd7 Nxd7 19. Rfe1 Rfe8 20. b4 Qc6 21. Nd5
Rac8 22. bxc5 Qxc5 23. Qxc5 Nxc5 24. Rxd4 Nxe4 25. Ne3 Nf6 26. Nd2 Rcd8 27.
Rxd8 Rxd8 28. Nb3 Bc6 29. Nf5 Bb5 30. Nfd4 Bc4 31. f3 Kh7 32. Rc1 Bd5 33. Kf2
Kg6 34. Rc5 Rd7 35. Ne2 Be6 36. Rc6 Ra7 37. Nf4+ Kf5 38. g3 Bxb3 39. axb3 g5
40. Rc5+ 1-0

[Event "4NCL Online Division 3"]
[Site "online"]
[Date "2020.05.12"]
[Round "6.101"]
[White "Scott, David A"]
[Black "Thompson, Peter"]
[Result "1-0"]
[WhiteElo "2122"]
[BlackElo "1900"]
[PlyCount "79"]
[EventDate "2020.05.12"]
[WhiteTeam "Surbiton 2"]
[BlackTeam "Preston South End"]

1. d4 f5 2. Nf3 Nf6 3. g3 e6 4. Bg2 Be7 5. O-O O-O 6. c4 d6 7. b3 Ne4 8. Bb2 a5
9. Nfd2 d5 10. Nxe4 dxe4 11. Nc3 Bf6 12. e3 c5 13. Ne2 Na6 14. a3 Qe7 15. f3
exf3 16. Bxf3 Rd8 17. Qc2 Rb8 18. Rad1 cxd4 19. exd4 b5 20. Rfe1 Bd7 21. Nf4 g5
22. Nd5 Qf7 23. Nxf6+ Qxf6 24. d5 Qg6 25. Qc3 Kf7 26. dxe6+ Bxe6 27. Rxd8 Rxd8
28. Qxa5 Rd2 29. Qxd2 bxc4 30. bxc4 Nc5 31. Qd4 Ne4 32. Bxe4 fxe4 33. Rf1+ Ke7
34. Qc5+ Kd7 35. Rd1+ Ke8 36. Qc7 Bd7 37. Qxd7+ Kf8 38. Rf1+ Kg8 39. Qd8+ Qe8
40. Qxe8# 1-0

[Event "4NCL Online Division 3"]
[Site "online"]
[Date "2020.05.12"]
[Round "6.102"]
[White "Patsos, Charalampos"]
[Black "Ratnesan, Rajeiv"]
[Result "0-1"]
[WhiteElo "1720"]
[BlackElo "1945"]
[PlyCount "58"]
[EventDate "2020.05.12"]
[WhiteTeam "Preston South End"]
[BlackTeam "Surbiton 2"]

1. e4 b6 2. d4 Bb7 3. Nc3 g6 4. f4 Bg7 5. Nf3 e6 6. Bb5 Ne7 7. O-O a6 8. Ba4 b5
9. Bb3 d6 10. e5 Nd7 11. Qd3 O-O 12. Ne2 dxe5 13. fxe5 c5 14. c4 Qb6 15. Be3
Rac8 16. Rac1 Rfd8 17. Qc3 bxc4 18. Qxc4 cxd4 19. Qxd4 Qxd4 20. Bxd4 Bxf3 21.
gxf3 Nxe5 22. Be3 Nf5 23. Bb6 Rxc1 24. Rxc1 Rf8 25. Kf2 Nd3+ 26. Kg1 Nxc1 27.
Nxc1 Bxb2 28. Nd3 Bd4+ 29. Kg2 Bxb6 0-1

[Event "4NCL Online Division 3"]
[Site "online"]
[Date "2020.05.12"]
[Round "6.103"]
[White "Hogarth, Mark J"]
[Black "Tillotson, Carl"]
[Result "1-0"]
[WhiteElo "1902"]
[BlackElo "1690"]
[PlyCount "63"]
[EventDate "2020.05.12"]
[WhiteTeam "Surbiton 2"]
[BlackTeam "Preston South End"]

1. e4 c5 2. Nc3 g6 3. f4 e6 4. Nf3 Nc6 5. Bb5 Nge7 6. O-O Bg7 7. d3 O-O 8. f5
exf5 9. Qe1 fxe4 10. dxe4 Nd4 11. Nxd4 cxd4 12. Ne2 Qb6 13. Bd3 Nc6 14. Qh4 Ne5
15. Nf4 Qd8 16. Qg3 Nxd3 17. cxd3 Be5 18. Qf2 d6 19. Nd5 Be6 20. Bh6 Re8 21.
Rac1 Rc8 22. Rxc8 Bxc8 23. Qxf7+ Kh8 24. Nf6 Bxf6 25. Rxf6 Rg8 26. Rf1 d5 27.
Rc1 Bd7 28. Qxd5 Qe7 29. Qxd4+ Rg7 30. Qxg7+ Qxg7 31. Bxg7+ Kxg7 32. Rc7 1-0

[Event "4NCL Online Division 3"]
[Site "online"]
[Date "2020.05.12"]
[Round "6.104"]
[White "De Santos, Andrew"]
[Black "Sheard, Jack"]
[Result "0-1"]
[WhiteElo "1546"]
[BlackElo "1870"]
[PlyCount "62"]
[EventDate "2020.05.12"]
[WhiteTeam "Preston South End"]
[BlackTeam "Surbiton 2"]

1. d4 b6 2. Nf3 Bb7 3. g3 e6 4. Bg2 Nf6 5. O-O c5 6. c3 Be7 7. Bg5 O-O 8. Nbd2
h6 9. Bxf6 Bxf6 10. e3 Qc7 11. Re1 d6 12. Qc2 Nd7 13. Ne4 Be7 14. Rac1 cxd4 15.
cxd4 Qxc2 16. Rxc2 Bxe4 17. Rc7 Rfd8 18. Rec1 Bf8 19. Nd2 Bxg2 20. Kxg2 d5 21.
Nf3 Bd6 22. R7c6 Nf8 23. Nh4 Be7 24. Nf3 Bf6 25. h4 Ng6 26. Rc7 Kf8 27. h5 Ne7
28. Rb7 Rdc8 29. Rcc7 Rxc7 30. Rxc7 b5 31. Rxa7 Rxa7 0-1

[Event "4NCL Online Division 3"]
[Site "online"]
[Date "2020.05.12"]
[Round "6.111"]
[White "Adams, Mark"]
[Black "Rahman, Asad"]
[Result "1-0"]
[WhiteElo "1944"]
[BlackElo "2095"]
[PlyCount "73"]
[EventDate "2020.05.12"]
[WhiteTeam "The Full Ponty"]
[BlackTeam "Harrow 2"]

1. e4 c5 2. Nf3 Nc6 3. d4 cxd4 4. Nxd4 d6 5. c4 Nf6 6. Nc3 g6 7. f3 Bg7 8. Be3
O-O 9. Qd2 a5 10. Be2 a4 11. O-O a3 12. b3 Qa5 13. Rac1 Rd8 14. Rfd1 Bd7 15.
Bf1 Ne8 16. Ndb5 Nb4 17. Qf2 Ra6 18. Na4 Bb2 19. Rb1 Nc7 20. Nxc7 Qxc7 21. Nxb2
axb2 22. Rxb2 Rda8 23. a4 Rc6 24. Bh6 f6 25. Bd2 Qb6 26. Qxb6 Rxb6 27. c5 Rc6
28. Bxb4 Be6 29. cxd6 exd6 30. Rxd6 Rxd6 31. Bxd6 Rd8 32. Bb4 Rd1 33. Kf2 Kf7
34. Rd2 Rb1 35. Rc2 Bxb3 36. Rc7+ Ke6 37. Re7# 1-0

[Event "4NCL Online Division 3"]
[Site "online"]
[Date "2020.05.12"]
[Round "6.112"]
[White "Walkusz, Miroslaw"]
[Black "Jones, Ian Robert"]
[Result "1/2-1/2"]
[WhiteElo "1939"]
[BlackElo "1944"]
[PlyCount "158"]
[EventDate "2020.05.12"]
[WhiteTeam "Harrow 2"]
[BlackTeam "The Full Ponty"]

1. d4 Nc6 2. d5 Ne5 3. e4 e6 4. f4 Ng6 5. dxe6 dxe6 6. Qxd8+ Kxd8 7. Nf3 Bb4+
8. c3 Bc5 9. b4 Be7 10. Bd3 a5 11. b5 Nf6 12. a4 Nd7 13. e5 f6 14. Be3 fxe5 15.
Ng5 Bxg5 16. fxg5 Rf8 17. Nd2 Nf4 18. Bxf4 exf4 19. Bxh7 Nb6 20. Be4 Nd5 21. c4
Ne3 22. Kf2 Rb8 23. Rac1 c5 24. h4 b6 25. h5 Ke7 26. h6 gxh6 27. gxh6 Ng4+ 28.
Kf3 Ne5+ 29. Ke2 Bb7 30. Bxb7 Rxb7 31. Nf3 Kf6 32. h7 Nxf3 33. h8=Q+ Rxh8 34.
Rxh8 Nd4+ 35. Kf2 e5 36. Rch1 Nf5 37. Rf8+ Kg6 38. Rhh8 Rg7 39. Rb8 Ne3 40. g3
Kf5 41. gxf4 Ke4 42. fxe5 Rg2+ 43. Ke1 Nc2+ 44. Kf1 Ne3+ 45. Ke1 Nc2+ 46. Kd1
Ne3+ 47. Kc1 Kd3 48. Rh3 Re2 49. Rd8+ Kxc4 50. Rd2 Re1+ 51. Kb2 Kb4 52. Ka2 Nd1
53. Rb3+ Kxa4 54. Rbd3 Ne3 55. Ra3+ Kxb5 56. Rb3+ Kc6 57. Rd6+ Kc7 58. Rbxb6
Nc4 59. Rdc6+ Kd8 60. Rb7 Nxe5 61. Rxc5 a4 62. Ra7 Re2+ 63. Ka3 Re4 64. Rd5+
Ke8 65. Rc5 Nc4+ 66. Kxa4 Nd6+ 67. Kb3 Re3+ 68. Kc2 Kf8 69. Rd7 Nf7 70. Rcc7
Rf3 71. Rc8+ Kg7 72. Re8 Rf2+ 73. Kd3 Rf6 74. Ree7 Rf1 75. Ke2 Rf6 76. Kd3 Rf1
77. Ra7 Rf6 78. Rxf7+ Rxf7 79. Rxf7+ Kxf7 1/2-1/2